书目信息 |
| 题名: |
轨道交通信息工程案例集
|
|
| 作者: | 赵时旻 主编 | |
| 分册: | ||
| 出版信息: | 上海 同济大学出版社 2007.05 |
|
| 页数: | 386页 | |
| 开本: | 26cm | |
| 丛书名: | 高等学校交通信息工程系列教材 | |
| 单 册: | ||
| 中图分类: | U239.5-39 | |
| 科图分类: | ||
| 主题词: | 信息技术--xin xi ji shu--应用--轨道运输--交通运输管理--案例--高等学校--教材 | |
| 电子资源: | ||
| ISBN: | 978-7-5608-3562-4 | |
| 000 | 01172nam 2200265 450 | |
| 001 | 012009658787 | |
| 005 | 20090918134935.04 | |
| 010 | @a978-7-5608-3562-4@dCNY42.00 | |
| 100 | @a20090918d2007 em y0chiy0120 ea | |
| 101 | 0 | @achi |
| 102 | @aCN@b310000 | |
| 105 | @aak z 000yy | |
| 106 | @ar | |
| 200 | 1 | @a轨道交通信息工程案例集@Agui dao jiao tong xin xi gong cheng an li ji@d= Set of transportation information engineering precedents for rail transit@f赵时旻主编@Fzhao shi min zhu bian@zeng |
| 210 | @a上海@c同济大学出版社@d2007.05 | |
| 215 | @a386页@c图@d26cm | |
| 225 | 2 | @a高等学校交通信息工程系列教材@Agao deng xue xiao jiao tong xin xi gong cheng xi lie jiao cai |
| 330 | @a本书理论与实践相结合,对相关内容进行了详尽阐述,形成了一个较为完整的轨道交通信息系统综合应用案例教程。 | |
| 410 | 0 | @12001 @a高等学校交通信息工程系列教材 |
| 510 | 1 | @aSet of transportation information engineering precedents for rail transit@zeng |
| 606 | 0 | @a信息技术@Axin xi ji shu@x应用@x轨道运输@x交通运输管理@x案例@x高等学校@j教材 |
| 690 | @aU239.5-39@v4 | |
| 701 | 0 | @a赵时旻@Azhao shi min@4主编 |
| 801 | 0 | @aCN@bQSSK@c20090918 |
| 905 | @b755407-11@dU239.5-39@eZ324@f5 | |
| 轨道交通信息工程案例集= Set of transportation information engineering precedents for rail transit/赵时旻主编.-上海:同济大学出版社,2007.05 |
| 386页:图;26cm.-(高等学校交通信息工程系列教材) |
| ISBN 978-7-5608-3562-4:CNY42.00 |
| 本书理论与实践相结合,对相关内容进行了详尽阐述,形成了一个较为完整的轨道交通信息系统综合应用案例教程。 |
| ● |
| 相关链接 |
|
|
|
正题名:轨道交通信息工程案例集
索取号:U239.5-39/Z324
 
预约/预借
| 序号 | 登录号 | 条形码 | 馆藏地/架位号 | 状态 | 备注 |
| 1 | 755407 | 207554074 | 自科二线504/504自科库 30排2列1层/ [索取号:U239.5-39/Z324] | 在馆 | |
| 2 | 755408 | 207554083 | 自科二线400A/400A自科库 32排2列4层/ [索取号:U239.5-39/Z324] | 在馆 | |
| 3 | 755409 | 207554092 | 自科库501/501自科库 80排2列4层/ [索取号:U239.5-39/Z324] | 在馆 | |
| 4 | 755410 | 207554109 | 自科二线400A/400A自科库 32排2列4层/ [索取号:U239.5-39/Z324] | 在馆 | |
| 5 | 755411 | 207554118 | 自科二线504/504自科库 30排2列1层/ [索取号:U239.5-39/Z324] | 在馆 |